| 000 | 00368 a2200157 4500 | ||
|---|---|---|---|
| 001 | 74160 | ||
| 020 | _a850806814-X | ||
| 040 | _cAnchieta - Colégio São Paulo | ||
| 100 | _aRootes, david | ||
| 240 | 1 | 0 |
_aExplorando as regiões polares _lpor |
| 245 | 1 | 0 | _aExplorando as regiões polares |
| 300 | _a48 | ||
| 362 | 0 | _a0 | |
| 650 | 4 | _aHistória do mundo | |
| 942 | _cBK | ||
| 999 |
_c74160 _d74160 |
||